Vadkár hatályos jogi szabályozása különös tekintettel a joggyakorlatra

Elmentve itt :
Bibliográfiai részletek
Szerző: Árva Károly
További közreműködők: Hegyes Péter István (Témavezető)
Dokumentumtípus: Szakdolgozat
Megjelent: 2015
Tárgyszavak:
Law
Online Access:http://diploma.bibl.u-szeged.hu/64143
LEADER 00824nta a2200217 i 4500
001 dipl64143
005 20230316120055.0
008 230119s2015 hu om 0|| hun d
040 |a SZTE Diploma Repozitórium  |b hun 
041 |a hun 
100 1 |a Árva Károly 
245 1 0 |a Vadkár hatályos jogi szabályozása különös tekintettel a joggyakorlatra  |h [elektronikus dokumentum] /  |c Károly Árva 
246 1 0 |a Legislation in force game damage especially the juris  |h [elektronikus dokumentum] 
260 |c 2015 
650 4 |a Jogi és igazgatási tanulmányok 
650 4 |a Agricultural sciences 
650 4 |a Social sciences 
650 4 |a Law 
650 4 |a Private, public and social law 
700 1 |a Hegyes Péter István  |e ths 
856 4 0 |u https://diploma.bibl.u-szeged.hu/id/eprint/64143/7/2015_arva_karoly.pdf  |z Dokumentum-elérés